000 00390pam a2200169 a 4500
020 _cpaper bakc
041 _aeng
082 _a005.13
_bOUS
100 _aOUSTERHOUT
245 _aTCL. ANDS THE TLC TOOLKIT
_hTextual Documents
250 _a31-12-1998
260 _bADDISON WESLEY
300 _axx/458
500 _a606
653 _aINFORMATION SYSTEM SECURITY (B.E.)
930 _a433
999 _c43663
_d43663